| 000 | 00759cam a22002533a 4500 | ||
|---|---|---|---|
| 001 | 3431 | ||
| 003 | PGUSA | ||
| 005 | 20140828083032.0 | ||
| 008 | 020901s2002||||xxu|||||s|||||000 1 eng d | ||
| 040 |
_aPGUSA _beng |
||
| 042 | _adc | ||
| 050 | 4 | _aPR | |
| 100 | 1 |
_aVoynich, E. L. _q(Ethel Lillian), _d1864-1960 |
|
| 245 | 1 | 4 |
_aThe Gadfly _h[electronic resource] / _cE. L. Voynich |
| 260 |
_bProject Gutenberg, _c2002 |
||
| 506 | _aPublic domain in the USA. | ||
| 516 | _aElectronic text | ||
| 653 | _aItaly -- History -- Revolution of 1848 -- Fiction | ||
| 653 | _aItaly -- History -- 1815-1870 -- Fiction | ||
| 653 | _aRevolutionaries -- Fiction | ||
| 830 | 0 |
_aProject Gutenberg _v3431 |
|
| 856 | 4 | 0 | _uhttp://www.gutenberg.org/ebooks/3431 |
| 942 | _cEB | ||
| 999 |
_c232760 _d232760 |
||